[Event "XV Sant Marti Open A"]
[Site "Barcelona ESP"]
[Date "2013.07.17"]
[Round "5.37"]
[White "Blandon Villa,D"]
[Black "Manelidou,M"]
[Result "1/2-1/2"]
[WhiteElo "2196"]
[BlackElo "2030"]

1.c4 c6 2.e4 d5 3.exd5 cxd5 4.d4 Nf6 5.Nc3 e6 6.Nf3 Nc6 7.Bd3 Be7 8.O-O O-O
9.Re1 a6 10.Bg5 dxc4 11.Bxc4 h6 12.Bh4 b5 13.Bb3 Bb7 14.Rc1 Rc8 15.Bc2 Nb4
16.Bb1 Bxf3 17.gxf3 Nc6 18.Ne2 Qd5 19.Qd3 g5 20.Bg3 Rfd8 21.Rcd1 Nb4 22.Qe3 Nc2
23.Bxc2 Rxc2 24.Nc3 Qf5 25.Be5 Bd6 26.Bxf6 Qxf6 27.Ne4 Qf4 28.Nxd6 Qxe3 29.fxe3 Rxd6
30.Rb1 e5 31.Red1 exd4 32.exd4 Rc4 33.d5 Rc5 34.Kf2 Rcxd5 35.Rxd5 Rxd5 36.Ke3 Kg7
37.Rc1 Re5+ 38.Kd3 Rf5 39.Ke3 Rf4 40.b3 h5 41.Rc6 Rf6 42.Rc5 Kg6 43.a4 bxa4
44.bxa4 Rd6 45.a5 f5 46.Rc8 Kf6 47.Ra8 Ke5 48.f4+ gxf4+ 49.Ke2 Kd4 50.Kf3 Kc4
51.Rh8 Kb5 52.Rxh5  1/2-1/2

[Event "Czech Open G1 Rapid 2013"]
[Site "Pardubice CZE"]
[Date "2013.07.17"]
[Round "2.42"]
[White "Zwardon,V"]
[Black "Pechac,Jergus"]
[Result "1-0"]
[WhiteElo "2391"]
[BlackElo "2182"]

1.c4 c6 2.e4 e6 3.Nc3 d5 4.cxd5 cxd5 5.exd5 exd5 6.Bb5+ Nc6 7.Qa4 Nf6 8.Nf3 Bd7
9.O-O Be7 10.Re1 O-O 11.d4 a6 12.Bd3 Re8 13.Bf4 b5 14.Qb3 Bg4 15.Be5 Bxf3
16.gxf3 b4 17.Ne2 Nd7 18.Bxh7+ Kxh7 19.Qc2+ Kg8 20.Qxc6 Nxe5 21.dxe5 Rc8
22.Qxa6 Bc5 23.Ng3 Re6 24.Qd3 Qh4 25.Qf1 Bd4 26.Rac1 Rxc1 27.Rxc1 Rxe5 28.a3 Bxb2
29.Rc8+ Kh7 30.Qb1+ g6 31.Qxb2 d4 32.Qxb4 Qh3 33.Rf8 Kg7 34.Qxd4 Kxf8 35.Qxe5 Qd7
36.Ne4 Qa7 37.Qc5+  1-0

[Event "Minsk Open 2013"]
[Site "Minsk BLR"]
[Date "2013.07.18"]
[Round "6.17"]
[White "Lutsko,I"]
[Black "Davidchik,A"]
[Result "1-0"]
[WhiteElo "2377"]
[BlackElo "2031"]

1.c4 c6 2.d4 d5 3.Nf3 Nf6 4.e3 Bg4 5.Bd3 e6 6.Nbd2 Nbd7 7.h3 Bxf3 8.Nxf3 Bd6
9.O-O O-O 10.Qc2 Rc8 11.b3 dxc4 12.bxc4 c5 13.d5 exd5 14.cxd5 c4 15.Bf5 g6
16.Bxd7 Qxd7 17.e4 Rfe8 18.Re1 Bf8 19.Bf4 Nh5 20.Bh2 b5 21.Rad1 Bd6 22.e5 Bc7
23.g4 Ng7 24.Ng5 Bd8 25.Ne4 Rf8 26.Nf6+ Bxf6 27.exf6 Ne8 28.Re7 Qd8 29.Be5 h6
30.d6 Rc5 31.d7 Nc7 32.Bd6 Rc6 33.Qe4 Ra6 34.Bxc7 Qxc7 35.Rxf7 Rxf6 36.Rxf6  1-0

[Event "7th LCT 2013"]
[Site "Leiden NED"]
[Date "2013.07.19"]
[Round "6.16"]
[White "Overeem,M"]
[Black "Fernandez Rivero,Karla July"]
[Result "1-0"]
[WhiteElo "2139"]
[BlackElo "2097"]

1.c4 c6 2.e4 d5 3.exd5 cxd5 4.d4 Nf6 5.Nc3 Nc6 6.Bg5 Qa5 7.Nf3 Bg4 8.Bxf6 exf6
9.cxd5 Bb4 10.Qd2 Bxf3 11.gxf3 Bxc3 12.bxc3 Qxd5 13.Be2 O-O 14.O-O Rfe8 15.Rfd1 Rad8
16.Rab1 Ne5 17.Kg2 Ng6 18.Rb5 Qd6 19.Kh1 Nf4 20.Bf1 g5 21.Re1 Rxe1 22.Qxe1 Qc6
23.Qe4 Qxc3 24.Rxb7 Qa1 25.Kg1 Qxa2 26.Qe7 Rf8 27.Qxf6 Qd5 28.Rb5 Nh3+ 29.Kh1 Qd7
30.Rf5 Nf4 31.Rxg5+ Ng6 32.h4 h6 33.Rg4 h5 34.Rxg6+ fxg6 35.Bc4+ Rf7 36.Qxg6+ Kf8
37.Bxf7 Qxf7 38.Qh6+ Kg8 39.Qg5+ Kf8 40.Qc5+ Kg8 41.Qc6 a5 42.Qa8+ Kg7 43.Qxa5 Qxf3+
44.Kg1 Qg4+ 45.Kf1 Qxh4 46.Qe5+ Kf7 47.Ke1 Qg4 48.Qc7+ Kf8 49.Qd8+ Kf7 50.Qd5+ Kf8
51.f3 Qg3+ 52.Ke2 h4 53.Qf5+ Kg8 54.Qg4+  1-0

[Event "XV Sant Marti Open A"]
[Site "Barcelona ESP"]
[Date "2013.07.20"]
[Round "8.36"]
[White "Salomon,J"]
[Black "Castillo Escario,Y"]
[Result "1-0"]
[WhiteElo "2211"]
[BlackElo "1997"]

1.c4 c6 2.Nf3 d5 3.d4 e6 4.e3 Nf6 5.Nbd2 Nbd7 6.Bd3 Bd6 7.O-O O-O 8.Qe2 e5
9.cxd5 cxd5 10.dxe5 Nxe5 11.Nxe5 Bxe5 12.h3 Re8 13.Nf3 Bc7 14.Nd4 Qd6 15.f4 a6
16.Bd2 Ne4 17.Bxe4 dxe4 18.Rac1 Bd7 19.Bb4 Qb6 20.Bc5 Qg6 21.Kh1 Rac8 22.Rfd1 Qg3
23.Qh5 Qg6 24.Qd5 Bc6 25.Nxc6 Qxc6 26.Qxc6 bxc6 27.Rd7 Bd8 28.Ra7 Bf6 29.Ba3 h6
30.Rxa6 c5 31.b3 Ra8 32.Rxa8 Rxa8 33.Bxc5 Rxa2 34.Rc4 Rb2 35.b4 Bh4 36.Kh2 f5
37.Bd4 Rb3 38.Rc8+ Kf7 39.Rc7+ Ke6 40.Rxg7 Rxb4 41.Rg6+ Kd5 42.g3 Be7 43.Rxh6 Bc5
44.Bxc5 Rb2+ 45.Kg1 Kxc5 46.g4 Re2 47.g5 Rxe3 48.g6 Ra3 49.Kg2 Ra2+ 50.Kg3 Ra1
51.Kf2 Ra2+ 52.Kg3 Ra3+ 53.Kf2 Ra2+ 54.Kg3 Ra1 55.Rh5 Rg1+ 56.Kf2 Rxg6 57.Rxf5+ Kd4
58.Rf8 e3+ 59.Kf3 Re6 60.Rd8+ Kc4 61.Ke2 Re4 62.Rf8 Kd4 63.h4 Re7 64.h5 Rh7
65.Kf3 e2 66.Rd8+ Kc5 67.Kxe2 Rxh5 68.Ke3 Rd5 69.Re8 Kd6 70.Kf3 Kd7 71.Re1 Kd8
72.Kg4 Rd2 73.Kg5 Rg2+ 74.Kf6 Ra2 75.f5 Rg2 76.Kf7 Ra2 77.f6 Rf2 78.Kg7 Rg2+
79.Kf8 Rf2 80.Rd1+ Kc7 81.f7 Rf3 82.Rd4 Re3 83.Kg7 Rg3+ 84.Kf6 Rf3+ 85.Ke6 Rf2
86.Rd5 Rf1 87.Rf5 Re1+ 88.Kf6  1-0

[Event "Minsk Open 2013"]
[Site "Minsk BLR"]
[Date "2013.07.20"]
[Round "8.9"]
[White "Gorovets,A"]
[Black "Kolesnik,E"]
[Result "1-0"]
[WhiteElo "2481"]
[BlackElo "2314"]

1.c4 c6 2.e4 e5 3.Nf3 d6 4.d4 Nd7 5.Nc3 Ngf6 6.Be2 Be7 7.O-O O-O 8.Be3 Qc7
9.d5 Ng4 10.Bd2 Nc5 11.b4 Na6 12.Ne1 f5 13.exf5 Nf6 14.dxc6 bxc6 15.Qa4 Qb7
16.a3 Bxf5 17.c5 Nc7 18.cxd6 Bxd6 19.Nc2 Ne4 20.Nxe4 Bxe4 21.Ne3 Nb5 22.Bd3 Bxd3
23.Qb3+ Qf7 24.Qxd3 Rad8  1-0

[Event "28th Avoine Open"]
[Site "Avoine FRA"]
[Date "2013.07.21"]
[Round "2.42"]
[White "Lavanchy,M"]
[Black "Malassagne,R"]
[Result "0-1"]
[WhiteElo "1923"]
[BlackElo "2139"]

1.c4 c6 2.Nc3 d5 3.d4 Nf6 4.Nf3 a6 5.g3 g6 6.Bg2 Bg7 7.O-O O-O 8.Qb3 Ne4
9.cxd5 Nxc3 10.bxc3 cxd5 11.Bf4 Nc6 12.Nd2 e6 13.e4 Re8 14.exd5 Na5 15.Qb2 exd5
16.Rfe1 Be6 17.Rac1 Rc8 18.a4 Rc6 19.Bf1 h6 20.Be5 Bf8 21.Bf4 Kg7 22.c4 Rb6
23.Qc3 Bb4 24.Qa1 Bxd2 25.Bxd2 Nb3 26.Qc3 Nxc1 27.Qxc1 Rb3 28.Bxh6+ Kh7 29.cxd5 Bxd5
30.Rxe8 Qxe8 31.Be3 Qe4  0-1

[Event "12th Bergamo Open"]
[Site "Bergamo ITA"]
[Date "2013.07.21"]
[Round "6.7"]
[White "Aghayev,M"]
[Black "Foo,William J"]
[Result "1/2-1/2"]
[WhiteElo "2299"]
[BlackElo "2090"]

1.c4 c6 2.d4 d5 3.Nf3 Nf6 4.e3 a6 5.b3 Bg4 6.Bd3 e6 7.O-O Bd6 8.Bb2 O-O 9.Nbd2 Bh5
10.Qc2 Bg6 11.e4 dxe4 12.Nxe4 Nxe4 13.Bxe4 Nd7 14.Rad1 Qc7 15.Rfe1 Rad8 16.Ne5 Nxe5
17.dxe5 Bb4 18.Bxg6 hxg6 19.Re3 Rxd1+ 20.Qxd1 Rd8 21.Rd3 Rxd3 22.Qxd3 Be7
23.Bc3 Qd8 24.Qe2 Bc5 25.g3 Bb6 26.Kg2 Ba5 27.Bb2 Qd2 28.Qxd2 Bxd2 29.Bd4 Bb4
30.Kf3 Kf8 31.h4 Ke7 32.g4 Kd7 33.Ke4 Be7 34.h5 g5 35.f4 gxf4 36.Kxf4 Ke8
37.g5 Kf8 38.g6 fxg6 39.hxg6 Ke8 40.Ke4 Kd7 41.Be3 Kc7 42.Kd4 b5 43.Kd3 Kd7
44.Bd2 Kc7 45.Ba5+ Kd7 46.Kc3 Kc8 47.cxb5 axb5 48.Kd3 Kb7 49.Bd2 Ka6 50.a4 Kb6
51.Be3+ Ka5 52.Bd2+ Kb6 53.Be3+ Ka5 54.Bd2+ Kb6  1/2-1/2

[Event "15th TCh-Eur Senior"]
[Site "Dresden GER"]
[Date "2013.07.22"]
[Round "3"]
[White "Marks,I"]
[Black "Grottke,HJ"]
[Result "0-1"]
[WhiteElo "1981"]
[BlackElo "2220"]

1.c4 c6 2.Nf3 d5 3.cxd5 cxd5 4.d4 Nc6 5.Nc3 Nf6 6.Bf4 a6 7.e3 Bg4 8.Be2 e6
9.h3 Bxf3 10.Bxf3 Bd6 11.Bxd6 Qxd6 12.Rc1 O-O 13.O-O Rac8 14.Qa4 Rc7 15.a3 Rfc8
16.Rc2 Nd7 17.Rfc1 Nb6 18.Qb3 Na5 19.Qb4 Qxb4 20.axb4 Nb3 21.Rd1 Na4 22.Rd3 Na1
23.Rcd2 Nxb2 24.Rxb2 Rxc3 25.Rxc3 Rxc3 26.e4 Nc2 27.exd5 Nxd4 28.Rd2 Nxf3+
29.gxf3 exd5 30.Rxd5 g6 31.Rd7 b5 32.Kg2 Rc4 33.Ra7 Rxb4 34.Rxa6 Rf4 35.Rb6 b4
36.Kg3 g5 37.Rb5 h6 38.Rb6 Kg7 39.Kg2 f6 40.Rb7+ Kg6 41.Kg3 h5 42.Rb5 h4+
43.Kg2 Kf7 44.Rb6 Ke7 45.Kf1 Kd7 46.Ke2 Kc7 47.Rb5 Kc6 48.Rb8 Kc5 49.Rc8+ Kb5
50.Rb8+ Kc4 51.Rc8+ Kb3 52.Rd8 Kb2 53.Rd2+ Ka3  0-1

[Event "Open Desko Liberec 2013"]
[Site "Liberec CZE"]
[Date "2013.07.22"]
[Round "4.6"]
[White "Kucera,P3"]
[Black "Vltavsky,V"]
[Result "1/2-1/2"]
[WhiteElo "2233"]
[BlackElo "2221"]

1.c4 c6 2.Nf3 d5 3.d4 Nf6 4.e3 e6 5.Nbd2 Bd6 6.b3 c5 7.dxc5 Bxc5 8.Bb2 Nc6
9.Be2 dxc4 10.Bxc4 O-O 11.O-O Qe7 12.Ne5 Nxe5 13.Bxe5 Bb4  1/2-1/2

[Event "Czech Open B 2013"]
[Site "Pardubice CZE"]
[Date "2013.07.22"]
[Round "4.8"]
[White "Stock,A"]
[Black "Colijn,S"]
[Result "0-1"]
[WhiteElo "2096"]
[BlackElo "2293"]

1.c4 c6 2.Nc3 d5 3.cxd5 cxd5 4.d4 Nf6 5.Nf3 g6 6.Bf4 a6 7.e3 b5 8.Rc1 Bg7
9.a4 bxa4 10.Nxa4 Qa5+ 11.Qd2 Qxd2+ 12.Nxd2 Nbd7 13.Be2 O-O 14.O-O Re8 15.Rc7 Nh5
16.Bxh5 gxh5 17.Nc5 e5 18.dxe5 Nxe5 19.f3 Ng6 20.Ndb3 d4 21.Kf2 dxe3+ 22.Bxe3 Rb8
23.Bc1 Rb6 24.Re1 Ne5 25.Kg3 h4+ 26.Kf2 Rxb3 27.Rxe5 Bxe5 28.Rxc8 Rxc8 29.Nxb3 a5  0-1

[Event "Glorney Cup 2013"]
[Site "Cardiff ENG"]
[Date "2013.07.23"]
[Round "6.4"]
[White "Taylor,Adam C"]
[Black "Steele,Rhys"]
[Result "1-0"]
[WhiteElo "2001"]
[BlackElo "1814"]

1.c4 c6 2.d4 d5 3.Nc3 Nf6 4.Nf3 e6 5.g3 Nbd7 6.Bg2 Bd6 7.O-O dxc4 8.e4 e5
9.dxe5 Nxe5 10.Nxe5 Bxe5 11.Qe2 O-O 12.Rd1 Qe7 13.Qxc4 Be6 14.Qe2 Rad8 15.Be3 a6
16.h3 Qb4 17.Qc2 Qa5 18.a3 Rxd1+ 19.Rxd1 Rd8 20.Na4 Rxd1+ 21.Qxd1 Qc7 22.f4 Nxe4
23.Bxe4 Bf6 24.Bb6 Qc8 25.Kh2 g6 26.Bg2  1-0

[Event "Maccabiah GM1 2013"]
[Site "Jerusalem ISR"]
[Date "2013.07.23"]
[Round "3.3"]
[White "Dvoirys,S"]
[Black "Raznikov,D"]
[Result "1/2-1/2"]
[WhiteElo "2538"]
[BlackElo "2489"]

1.c4 c6 2.Qa4 e5 3.Nc3 Nf6 4.Nf3 Bd6 5.Qc2 O-O 6.d4 exd4 7.Nxd4 Be5 8.Nf3 Bxc3+
9.bxc3 d5 10.e3 Re8 11.Be2 Bg4 12.Rb1 Qc7 13.O-O Nbd7 14.Qb3 Nc5 15.Qa3 Bf5
16.Ra1 Bd3 17.Bxd3 Nxd3 18.Qb3 Nc5 19.Qa3 Nfe4 20.cxd5 cxd5 21.Rd1 Rad8 22.Bd2 Re6
23.Be1 Rh6 24.Qb4 Ne6 25.h3 N6g5 26.Nxg5 Nxg5 27.c4 Rb6 28.Qa4 Rg6 29.Rxd5 Rc8
30.Kh1 h6 31.c5 Rc6 32.Rad1 Ne6 33.Rd7 Qe5 34.Qxa7 Nxc5 35.R7d5 Qf6 36.Qa3 Ne4
37.f3 Nc3 38.Bxc3 Rxc3 39.Qb4 Rxe3 40.Qxb7 Rce8 41.Rf1 Re1 42.Rd1 R1e2 43.a4 Rb2
44.Qd5 Ree2 45.Rg1 Qh4 46.Qf5 Qg5 47.Qxg5  1/2-1/2

[Event "Czech Open B 2013"]
[Site "Pardubice CZE"]
[Date "2013.07.23"]
[Round "5.8"]
[White "Tichy,S"]
[Black "Mammadova,Narmin"]
[Result "1/2-1/2"]
[WhiteElo "2168"]
[BlackElo "1961"]

1.c4 c6 2.d4 d5 3.cxd5 cxd5 4.Nc3 Nf6 5.Nf3 Nc6 6.Bf4 g6 7.e3 a6 8.Be2 Bg7
9.Ne5 e6 10.Nxc6 bxc6 11.O-O O-O 12.Rc1 Bd7 13.Na4 a5 14.Nc5 Qe7 15.Qa4 Be8
16.Rc3 Nh5 17.Bxh5 gxh5 18.Nd3 f6 19.Qa3 Qxa3 20.Rxa3 Bg6 21.Nc5 e5 22.Bg3 Rfe8
23.Nb3 Bd3 24.Rc1 a4 25.Na5 Rxa5 26.Rxd3 Re6 27.Kf1 Kf7 28.Rc2 Rb5 29.f3 Kg6
30.Be1 Rb6 31.Ra3 Ra6 32.Bb4 Ra8 33.Re2 Ree8 34.Rc2 Re6 35.g3 Bh6 36.Re2 Ree8
37.Bc5 Bg7 38.Rc3 Ra6 39.Rec2 Re6 40.Kf2 Kf7 41.Ra3 Ra8 42.Ke2 Kg6 43.Kf2 Kf7
44.Re2 Ree8 45.Rc2  1/2-1/2

[Event "DSK GM Open 2013"]
[Site "Cape Town RSA"]
[Date "2013.07.24"]
[Round "5.1"]
[White "Ipatov,Alexander"]
[Black "Kasparov,S"]
[Result "1-0"]
[WhiteElo "2583"]
[BlackElo "2470"]

1.c4 c6 2.d4 d5 3.Nf3 Nf6 4.Nc3 a6 5.a4 e6 6.Bg5 a5 7.e3 Be7 8.Be2 O-O 9.O-O Na6
10.Qb3 Nb4 11.Na2 Nxa2 12.Qxa2 Ne4 13.Bxe7 Qxe7 14.Qb3 Rd8 15.Bd3 Nf6 16.Ne5 Nd7
17.f4 c5 18.cxd5 cxd4 19.d6 Qxd6 20.Bxh7+ Kxh7 21.Nxf7 Qe7 22.Ng5+ Kh8 23.Qxe6 Qxe6
24.Nxe6 Rf8 25.Nxf8 Nxf8 26.Rad1 Bd7 27.Rxd4 Re8 28.Rfd1 Rxe3 29.Rxd7 Nxd7
30.Rxd7 Rb3 31.Rd5 Rb4 32.Rxa5 Rxf4 33.b3 Kh7  1-0

[Event "12th World U16 Ol"]
[Site "Chongqing CHN"]
[Date "2013.07.24"]
[Round "4"]
[White "Gagare,Shar"]
[Black "Cheng,Bo"]
[Result "1/2-1/2"]
[WhiteElo "2419"]
[BlackElo "2438"]

1.c4 c6 2.g3 d5 3.Bg2 Nf6 4.Nf3 dxc4 5.O-O Nbd7 6.Qc2 Nb6 7.a4 a5 8.Na3 Qd5
9.Ne1 Bf5 10.Bxd5 Bxc2 11.Bxc6+ bxc6 12.Naxc2 g6 13.d3 Bg7 14.dxc4 Nxc4 15.Nd3 O-O
16.b3 Nd6 17.Bb2 Nfe4 18.Bxg7 Kxg7 19.Rfc1 c5 20.Ne3 Rfb8 21.Nxc5 Nxc5 22.Rxc5 Rxb3
23.Rc7 Kf8 24.Nd5 Rb2 25.Kf1 Rd8 26.Nf4 Rdb8 27.Nd3 Rb1+ 28.Rxb1 Rxb1+ 29.Kg2 Ra1
30.Nc5 Ra2 31.Kf1 h5 32.h4 Ra1+ 33.Kg2 Ra2 34.Kf1 Ra1+  1/2-1/2

[Event "12th World U16 Ol"]
[Site "Chongqing CHN"]
[Date "2013.07.24"]
[Round "4"]
[White "Ghosh,D"]
[Black "Tan,Ju2"]
[Result "1-0"]
[WhiteElo "2473"]
[BlackElo "2322"]

1.c4 c6 2.Nf3 d5 3.e3 Nf6 4.Nc3 g6 5.d4 Bg7 6.Be2 O-O 7.O-O Be6 8.b3 h6 9.Ba3 Nbd7
10.Rc1 Ne4 11.Qc2 Nxc3 12.Qxc3 a5 13.Bd3 a4 14.b4 Nb6 15.c5 Nd7 16.h3 Qc7
17.b5 f5 18.Rb1 Bf7 19.Qc2 e5 20.dxe5 Nxe5 21.Nxe5 Bxe5 22.bxc6 bxc6 23.Rb6 d4
24.exd4 Bxd4 25.Bb2 Rad8 26.Bc4 Bxb2 27.Rxb2 Qe5 28.Rb6 Rc8 29.Ra6 Kg7 30.Rc1 Rb8
31.Bxf7 Rxf7 32.Qxa4  1-0

[Event "Quebec Open Invitational 2013"]
[Site "Montreal CAN"]
[Date "2013.07.25"]
[Round "6.10"]
[White "Porper,E"]
[Black "Perez Garcia,Rodn"]
[Result "0-1"]
[WhiteElo "2453"]
[BlackElo "2364"]

1.c4 c6 2.e4 d5 3.exd5 cxd5 4.cxd5 Nf6 5.Nc3 Nxd5 6.d4 e6 7.Nf3 Be7 8.Bd3 Nc6
9.O-O O-O 10.Re1 Nf6 11.a3 b6 12.Be3 Bb7 13.Qe2 Qd6 14.Nb5 Qd8 15.Rad1 Nd5
16.Bc1 Rc8 17.Qe4 g6 18.Qg4 a6 19.Nc3 Nxc3 20.bxc3 Na5 21.Ng5 Rxc3 22.Nxh7 Rxd3
23.Rxd3 Kxh7 24.Qf4 Bf6 25.Qh6+ Kg8 26.Rh3 Re8 27.Bd2 Nc6 28.Qh7+ Kf8 29.Rf3 Qxd4
30.Bh6+ Ke7 31.Bg5 Rh8 32.Qxh8 Bxg5 33.Qxd4 Nxd4 34.Rd3 Nc6 35.Red1 Ne5 36.Rd6 b5
37.Rb6 Bd5 38.Rxa6 Nc4 39.Rb1 Nd6 40.a4 bxa4 41.Rxa4 e5 42.Re1 Ke6 43.f3 Bd2
44.Re2 Bc3 45.f4 e4 46.Kf2 Bc6 47.Ra6 Bd4+ 48.Kg3 Bb7 49.Ra5 e3 50.h4 Bd5
51.Kh3 Nc4 52.Rb5 Be4 53.g4 Bd3 54.Re1 Bc3 55.Rh1 Nd2 56.Rb6+ Kd5 57.Re1 Bf1+  0-1

[Event "Yinzhou Cup CHN-USA Rapid"]
[Site "Ningbo CHN"]
[Date "2013.07.25"]
[Round "3.2"]
[White "Zhou Weiqi"]
[Black "Shankland,S"]
[Result "0-1"]
[WhiteElo "2616"]
[BlackElo "2599"]

1.c4 c6 2.d4 d5 3.Nc3 Nf6 4.cxd5 cxd5 5.Bf4 Nc6 6.e3 a6 7.Bd3 Bg4 8.Nge2 e6
9.O-O Bd6 10.f3 Bh5 11.Rc1 Bg6 12.Bxd6 Qxd6 13.Nf4 Nd7 14.Na4 O-O 15.Bxg6 hxg6
16.Nd3 e5 17.Ndc5 Nxc5 18.Nxc5 exd4 19.exd4 b6 20.Nb3 Rac8 21.Qe2 a5 22.Qb5 Ne7
23.Rfe1 Nf5 24.Rc3 Qf6 25.Qxd5 Rcd8 26.Qe5 a4 27.Qxf6 gxf6 28.Nd2 Nxd4 29.Kf1 Ne6
30.Rc2 Rd3 31.Ne4 f5 32.Nc3 a3 33.Nb5 axb2 34.Rxb2 Ra8 35.Rc1 Rad8 36.Rcb1 Nf4
37.Kf2 g5 38.Kg3 Rd2 39.h4 f6 40.hxg5 fxg5 41.Nc7 Kf7 42.a4 Ne2+ 43.Kf2 Nc3+
44.Kg3 Nxb1 45.Rxb1 Rc2 46.Nb5 Rdd2 47.Rg1  0-1

[Event "39th Sitges Open"]
[Site "Sitges ESP"]
[Date "2013.07.25"]
[Round "4.10"]
[White "Beltran Rueda,S"]
[Black "Avila Jimenez,J"]
[Result "1/2-1/2"]
[WhiteElo "2420"]
[BlackElo "2241"]

1.c4 c6 2.e4 d5 3.cxd5 cxd5 4.exd5 Nf6 5.Bb5+ Nbd7 6.Nc3 a6 7.Bxd7+ Qxd7
8.Qb3 Qg4 9.Kf1 e6 10.Nf3 b5 11.d4 b4 12.Ne2 Bd6 13.Qc2 Bd7 14.h3 Qf5 15.Qxf5 exf5
16.Bf4 Bxf4 17.Nxf4 Bb5+ 18.Kg1 O-O 19.Kh2 Rfd8 20.Rhc1 h6 21.h4 Nxd5 22.Nxd5 Rxd5
23.Rc5 Rad8 24.Re1 Bd3 25.Rxd5 Rxd5 26.Re8+ Kh7 27.Kg3 Be4 28.Ne5 Rxd4 29.Nxf7 Kg6
30.Rf8 h5 31.Ng5 Bd5 32.f4 Bxa2 33.Rb8 Rd6 34.Rxb4 Kf6 35.Rb8 Rd3+ 36.Nf3 Bc4
37.Rf8+ Ke6 38.Kh2 Bd5 39.Ng5+ Kd6 40.Rxf5 Rd2 41.b4 Rxg2+ 42.Kh3 Rb2 43.Nf7+  1/2-1/2

[Event "28th Avoine Open"]
[Site "Avoine FRA"]
[Date "2013.07.26"]
[Round "7.38"]
[White "Ballandras,M"]
[Black "Goupil,A"]
[Result "0-1"]
[WhiteElo "1867"]
[BlackElo "2148"]

1.c4 c6 2.Nf3 d5 3.b3 Bf5 4.g3 e6 5.Bg2 Nd7 6.Bb2 Ngf6 7.d3 Be7 8.Nbd2 O-O
9.O-O h6 10.Rc1 a5 11.a3 Qb6 12.Nd4 Bh7 13.cxd5 exd5 14.Bh3 Rfe8 15.Nf5 Bf8
16.Nf3 g6 17.Ne3 Rad8 18.Qc2 Bg7 19.Ng4 Nxg4 20.Bxg4 Nf6 21.Bh3 g5 22.Bg2 Rd7
23.Bd4 Qd8 24.Qb2 Re6 25.Rfe1 Rde7 26.Ne5 Qe8 27.f4 gxf4 28.gxf4 Nh5 29.Bh3 Nxf4
30.Bxe6 Rxe6 31.Rf1 Nh3+ 32.Kg2 Bxe5 33.Kxh3 Rg6 34.e4 dxe4 35.dxe4 Qd7+
36.Rf5 Bxd4 37.Qd2 Rg5  0-1

[Event "39th Sitges Open"]
[Site "Sitges ESP"]
[Date "2013.07.26"]
[Round "5.8"]
[White "Hayrapetyan,Ho"]
[Black "Lamorelle,J"]
[Result "1-0"]
[WhiteElo "2486"]
[BlackElo "2276"]

1.c4 c6 2.Nf3 d5 3.e3 Nf6 4.b3 Bf5 5.Bb2 e6 6.Be2 h6 7.O-O Nbd7 8.d3 Be7
9.Nbd2 O-O 10.Qc2 Bh7 11.Rfd1 b5 12.cxb5 cxb5 13.Nd4 Rc8 14.Qb1 Qb6 15.N4f3 Rc6
16.b4 Rfc8 17.a3 Bd6 18.Nb3 e5 19.Ra2 Ng4 20.Nfd4 Nxf2 21.Kxf2 exd4 22.Nxd4 R6c7
23.Nf3 Be7 24.Bd4 Qd6 25.h3 Bf6 26.Qb2 a6 27.Bxf6 Nxf6 28.Qe5 Qxe5 29.Nxe5 Rc2
30.Rd2 Rxd2 31.Rxd2 Rc3 32.Ra2 Kf8 33.Ke1 Ke7 34.Kd2 Rc7 35.a4 Kd6 36.Nf3 bxa4
37.Rxa4 Rc6 38.Nd4 Rb6 39.Kc3 Ne8 40.Bh5 Bg6 41.Bxg6 fxg6 42.Ra5 Nc7 43.e4 h5
44.Rc5 dxe4 45.dxe4 Ne6 46.Rd5+ Kc7 47.Nxe6+ Rxe6 48.e5 g5 49.Kd3 g4 50.hxg4 hxg4
51.Ke4 g6 52.Kf4 Kc6 53.Rc5+ Kd7 54.Kxg4 Rb6 55.Rc4 Ke6 56.Kf4 Kd5 57.Re4 Re6
58.Re1 Kc4 59.Ke4 Re8 60.Ra1 Re6 61.Rc1+ Kxb4 62.Kd5 Re8 63.e6 a5 64.Kd6 a4
65.Kd7 Ra8 66.e7  1-0

[Event "28th Avoine Open"]
[Site "Avoine FRA"]
[Date "2013.07.27"]
[Round "8.33"]
[White "Dreux,V"]
[Black "Cau,B"]
[Result "0-1"]
[WhiteElo "1942"]
[BlackElo "2125"]

1.c4 c6 2.b3 d5 3.Nf3 Nf6 4.Bb2 Bf5 5.g3 e6 6.Bg2 Bd6 7.O-O O-O 8.Nc3 Nbd7
9.d4 Qe7 10.Nd2 Ba3 11.Bxa3 Qxa3 12.h3 Qb2 13.Qc1 Qxc1 14.Raxc1 Rad8 15.Rfd1 Rfe8
16.e4 dxe4 17.Ndxe4 Nxe4 18.Nxe4 Bxe4 19.Bxe4 Nf6 20.Bf3 Rd7 21.Rc2 Red8
22.Rcd2 g6 23.Kf1 e5 24.d5 cxd5 25.Bxd5 Nxd5 26.Rxd5 Rxd5 27.cxd5 Kf8 28.Ke2 Ke7
29.Ke3 Kd6 30.f4 Re8 31.Rd3 f5 32.fxe5+ Kxe5 33.h4 Rd8 34.Rc3 Rd7 35.a3 h6
36.Rc8 Kxd5 37.Rh8 Re7+ 38.Kd3 h5 39.Rd8+ Ke5 40.a4 Re6 41.Rd4 Rd6 42.Rxd6 Kxd6
43.Kd4 Ke6 44.Ke3 Kf6 45.Kf4 a5 46.Ke3 g5 47.Kd4 gxh4 48.gxh4 Ke6  0-1

[Event "ch-AUT 2013"]
[Site "Feldkirch AUT"]
[Date "2013.07.27"]
[Round "8.4"]
[White "Baumegger,S"]
[Black "Schmidlechner,A"]
[Result "1-0"]
[WhiteElo "2473"]
[BlackElo "2267"]

1.c4 c6 2.e4 e5 3.Nf3 d6 4.d4 Nd7 5.Nc3 Ngf6 6.g3 Be7 7.Bg2 O-O 8.O-O Re8
9.h3 Bf8 10.Qc2 Qc7 11.Be3 b6 12.d5 c5 13.Nd2 a6 14.a3 Rb8 15.b4 b5 16.cxb5 axb5
17.Rfc1 Ba6 18.Bf1 Rec8 19.Nb3 c4 20.Na5 Nb6 21.Nc6 Ra8 22.a4 Nxa4 23.Nxa4 bxa4
24.Rxa4 Bb5 25.Rxa8 Rxa8 26.Bxc4 Qb7 27.Bxb5 Qxb5 28.Qc4  1-0

[Event "III Brazil Maringa Open"]
[Site "Maringa BRA"]
[Date "2013.07.27"]
[Round "6.10"]
[White "Menna Barreto,F"]
[Black "Garkauskas,Otto Dmitry"]
[Result "1-0"]
[WhiteElo "2277"]
[BlackElo "2084"]

1.c4 c6 2.e4 d5 3.exd5 cxd5 4.d4 Nf6 5.Nc3 e6 6.Nf3 Bb4 7.cxd5 Nxd5 8.Bd2 O-O
9.Bd3 Be7 10.O-O Nc6 11.a3 Bf6 12.Be3 Nce7 13.Ne4 b6 14.Nfg5 Nf5 15.Nxf6+ Qxf6
16.Ne4 Qe7 17.Qh5 h6 18.Rac1 Ndxe3 19.fxe3 Nxe3 20.Nf6+ Kh8 21.Qf3 Nxf1 22.Qe4 g6
23.Qh4 Kg7 24.Nh5+ gxh5 25.Qxe7 Ne3 26.Be4 Nd5 27.Bxd5 exd5 28.Rc6 h4 29.Qf6+ Kg8
30.Qxh6 Bf5 31.Rf6 Bh7 32.Qxh4 Bg6 33.Qg5 Kg7 34.h4 Rh8 35.g4 Kf8 36.Qxd5 Kg7
37.h5 Rae8 38.Qg5  1-0

[Event "Charleroi Open 2013"]
[Site "Charleroi BEL"]
[Date "2013.07.28"]
[Round "2.15"]
[White "Dal Borgo,A"]
[Black "Halfaoui,E"]
[Result "1-0"]
[WhiteElo "2203"]
[BlackElo "1885"]

1.c4 c6 2.Nf3 d5 3.g3 Nf6 4.Bg2 e6 5.b3 Be7 6.Bb2 O-O 7.O-O b6 8.d3 Nbd7
9.Nbd2 Bb7 10.e4 dxe4 11.dxe4 Nc5 12.e5 Ng4 13.h3 Nd3 14.Bd4 c5 15.Qe2 Nh6
16.Bc3 Nb4 17.Rfd1 Qd3 18.Qxd3 Nxd3 19.Nf1 Rad8 20.a3 a6 21.Ra2 Bxf3 22.Bxf3 b5
23.Rad2 b4 24.Ba1 Nxf2 25.Kxf2 Rxd2+ 26.Rxd2 bxa3 27.Ra2 Nf5 28.Rxa3 f6 29.Rxa6 fxe5
30.Bxe5 Kf7 31.Ne3 Nxe3 32.Kxe3 Bg5+ 33.Ke2 Rd8 34.Ra7+  1-0

[Event "Sparkassen Open A 2013"]
[Site "Dortmund GER"]
[Date "2013.07.28"]
[Round "2.6"]
[White "Torres Kuckel,R"]
[Black "Zolfagharian,Kevin"]
[Result "1-0"]
[WhiteElo "2269"]
[BlackElo "2010"]

1.c4 c6 2.e4 d5 3.exd5 cxd5 4.cxd5 Qxd5 5.Nc3 Qd6 6.d4 Nf6 7.Bc4 e6 8.Nf3 Nd5
9.O-O Nxc3 10.bxc3 Be7 11.Ne5 O-O 12.Bf4 Qd8 13.Qf3 Bd6 14.Bb3 Qc7 15.Rfe1 Nc6
16.h4 Nxe5 17.Bxe5 Bxe5 18.Rxe5 Bd7 19.h5 Bc6 20.Qd3 Rfd8 21.Rae1 Rac8 22.Bc2 g6
23.R1e3 Rd5 24.Bb3 Bb5 25.Qd2 Bc4 26.Rxd5 Bxd5 27.Bxd5 exd5 28.Re5 Qc4 29.h6 f6
30.Re3 b5 31.Qe1 g5 32.Re8+ Kf7 33.Qe6+ Kg6 34.Rxc8  1-0

[Event "ch-AUT 2013"]
[Site "Feldkirch AUT"]
[Date "2013.07.28"]
[Round "9.1"]
[White "Shengelia,D"]
[Black "Froewis,G"]
[Result "1/2-1/2"]
[WhiteElo "2559"]
[BlackElo "2423"]

1.c4 c6 2.d4 d5 3.cxd5 cxd5 4.Bf4 Nc6 5.e3 Nf6 6.Nc3 a6 7.Bd3 e6 8.Nf3 Nh5
9.Bg5 Qb6 10.O-O h6 11.Bh4 g5 12.Bg3 Nxg3 13.fxg3 g4 14.Nh4 h5 15.Na4 Qd8
16.Kh1 Rh6 17.Rc1 f5 18.a3 Bd7 19.Nc5 Bxc5 20.Rxc5 Ne7 21.Qd2 Rh7 22.Qb4 Bc6
23.a4 Qd7 24.a5 Kf7 25.Qd2 Kg8 26.b4 Rf7 27.Rb1 Kh7 28.Qf2 Qd6 29.Rbc1 Rg7
30.Kg1 Rgg8 31.Qf4 Qxf4 32.gxf4 Rgc8 33.g3 Bd7 34.Rc7 Rab8 35.b5 Kg7 36.R1c5 Rd8
37.bxa6 bxa6 38.Bxa6 Rb1+ 39.Kf2 Kf6 40.Bb7 Bb5 41.a6 Bc4 42.a7 Rf1+ 43.Kg2 Ra1
44.a8=Q Rdxa8 45.Bxa8 Rxa8 46.Rd7 Ra2+ 47.Kg1 Ra1+ 48.Kf2 Rf1+ 49.Kg2 Re1
50.h3 Re2+ 51.Kg1 Bd3 52.hxg4 Re1+ 53.Kh2 Re2+ 54.Ng2 fxg4 55.Kg1 Be4 56.Nh4 Bd3
57.Ng2 h4 58.Nxh4 Re1+ 59.Kf2 Re2+ 60.Kg1 Nf5 61.Rc8 Re1+ 62.Kh2 Re2+ 63.Kg1 Re1+
64.Kh2 Re2+  1/2-1/2

[Event "Politiken Cup 2013"]
[Site "Helsingor DEN"]
[Date "2013.07.28"]
[Round "3.88"]
[White "Carnstam,T"]
[Black "Nilsen,Martin"]
[Result "1-0"]
[WhiteElo "2052"]
[BlackElo "1820"]

1.c4 c6 2.e4 d5 3.cxd5 cxd5 4.exd5 Nf6 5.Nc3 Nxd5 6.d4 e6 7.Nf3 Nc6 8.Bd3 Bb4
9.Bd2 Qb6 10.O-O Nxd4 11.Nxd4 Qxd4 12.Nxd5 exd5 13.Be3 Qh4 14.Bb5+ Ke7 15.Qxd5 Kf8
16.Rad1 Bg4 17.Rd4 a5 18.Bg5 Be6 19.Qd8+  1-0

[Event "Maccabiah IM2 2013"]
[Site "Jerusalem ISR"]
[Date "2013.07.28"]
[Round "9.5"]
[White "Arlinsky,U"]
[Black "Kudischewitsch,D"]
[Result "1-0"]
[WhiteElo "2321"]
[BlackElo "2344"]

1.c4 c6 2.g3 d5 3.Nf3 Nf6 4.Bg2 Bf5 5.cxd5 cxd5 6.Qb3 Qc7 7.Nc3 e6 8.d3 Nc6
9.O-O Be7 10.Bf4 Qd7 11.Ne5 Nxe5 12.Bxe5 O-O 13.e4 dxe4 14.dxe4 Bg6 15.Rfd1 Qc6
16.Rac1 Qb6 17.Qxb6 axb6 18.Bd6 Bxd6 19.Rxd6 Rfc8 20.Rcd1 b5 21.Rb6 Rc5 22.Rxb7 h6
23.f3 Ne8 24.a3 Nc7 25.Rd2 f6 26.Bh3 Be8 27.Rd6 f5 28.f4 Rc8 29.exf5 exf5
30.Bg2 Kf8 31.Kf2 Ke7 32.Rd2 Rd8 33.Rxd8 Kxd8 34.Rb8+ Ke7 35.h4 Bf7 36.Ke3 Bb3
37.Rb6 Kd7 38.Kd2 Ke7 39.Bf1 Ba4 40.Bd3 h5 41.Rb7 Kd8 42.Rb8+ Ke7 43.b4 Rc6
44.Bxf5  1-0